Normal view
MARC view
- Manstein, Erich von,
Entry Personal Name
001 - CONTROL NUMBER
- control field: 108170
003 - CONTROL NUMBER IDENTIFIER
- control field: NUST
005 - DATE AND TIME OF LATEST TRANSACTION
- control field: 20230131104038.0
008 - FIXED-LENGTH DATA ELEMENTS
- fixed length control field: 230131|| aca||aabn | a|a d
040 ## - CATALOGING SOURCE
- Original cataloging agency: NUST
- Transcribing agency: NUST
100 ## - HEADING--PERSONAL NAME
- Personal name: Manstein, Erich von,
- Dates associated with a name: 1887-1973
670 ## - SOURCE DATA FOUND
- Source citation: Work cat.: (NUST)185653: Manstein, Erich von, 57621, Lost victories /, 1982, c1958.
